[Event "C.to Italiano U14 femminile Finale"]
[Site "Porto San Giorgio ITA"]
[Date "1998.07.??"]
[Round "1"]
[White "Costantini, Laura"]
[Black "Luzietti, Camilla"]
[Result "1/2-1/2"]
[WhiteElo "1540"]
[BlackElo "1500"]
[PlyCount "78"]
[EventDate "1998.07.07"]

1. e4 e5 2. Nf3 Nc6 3. Bc4 h6 4. Nc3 Nf6 5. d3 Be7 6. O-O a6 7. Nd5 d6 8. c3 b5
9. Nxf6+ Bxf6 10. Bd5 Qd7 11. d4 Bb7 12. Be3 Rb8 13. Rc1 Na5 14. dxe5 dxe5 15.
Bxb7 Qxd1 16. Rcxd1 Nxb7 17. Rd5 c6 18. Rd3 O-O 19. Rfd1 Rbd8 20. Rxd8 Rxd8 21.
Rxd8+ Nxd8 22. Bb6 Nb7 23. Bc7 Nc5 24. Nxe5 Bxe5 25. Bxe5 Nxe4 26. Bd4 f6 27.
f3 Nd6 28. Kf2 Kf7 29. Ke2 Ke6 30. Kd3 Kd5 31. b3 c5 32. Bf2 c4+ 33. Kd2 f5 34.
Bd4 g6 35. Bg7 h5 36. Ke3 g5 37. g3 cxb3 38. axb3 a5 39. Bf6 a4 1/2-1/2

[Event "C.to Italiano U14 femminile Finale"]
[Site "Porto San Giorgio ITA"]
[Date "1998.07.??"]
[Round "2"]
[White "Costantini, Laura"]
[Black "Scalia, Roberta"]
[Result "1-0"]
[WhiteElo "1540"]
[BlackElo "1500"]
[PlyCount "79"]
[EventDate "1998.07.07"]

1. e4 c5 2. Nc3 Nc6 3. g3 Nf6 4. Bg2 e6 5. f4 d6 6. Nf3 e5 7. d3 b6 8. O-O Bb7
9. fxe5 Nxe5 10. Nxe5 dxe5 11. Qf3 Rc8 12. Qf5 Qd4+ 13. Kh1 Rd8 14. g4 Bc8 15.
Ne2 Qd6 16. Qg5 Bxg4 17. Rxf6 Qxf6 18. Qxg4 Be7 19. Bh3 O-O 20. Be3 Qc6 21. Rg1
g6 22. Nc3 Bf6 23. Nd5 Rxd5 24. exd5 Qxd5+ 25. Qe4 Qxa2 26. Bc1 Rd8 27. Rf1 Bg7
28. Kg1 Qd5 29. Bg2 Qe6 30. Qb7 Rd7 31. Qc8+ Bf8 32. Bh6 Qe7 33. Bxf8 Qd8 34.
Qxd8 Rxd8 35. Be7 Rd4 36. Bf6 Rg4 37. Bxe5 b5 38. Kh1 c4 39. dxc4 Rxc4 40. Bd5
1-0

[Event "C.to Italiano U14 Finale"]
[Site "Porto San Giorgio ITA"]
[Date "1998.07.??"]
[Round "1"]
[White "Drabke, Lorenz Maximilian"]
[Black "Buchicchio, Giampaolo"]
[Result "1/2-1/2"]
[WhiteElo "1906"]
[BlackElo "1618"]
[PlyCount "52"]
[EventDate "1998.07.07"]

1. e4 e6 2. d4 b6 3. Bd3 Bb7 4. Nf3 d6 5. O-O Nd7 6. Nbd2 Be7 7. Re1 Ngf6 8. c3
O-O 9. Nf1 e5 10. Ng3 Re8 11. dxe5 Nxe5 12. Nxe5 dxe5 13. Qe2 c6 14. h3 Qc7 15.
Nf5 Bc8 16. Nxe7+ Qxe7 17. a4 a5 18. b3 Bb7 19. Ba3 c5 20. Rad1 Red8 21. Bc1 h6
22. g4 Nh7 23. Kg2 Rd6 24. Bc4 Rad8 25. Rd3 Ng5 26. f3 Ne6 1/2-1/2

[Event "C.to Italiano U14 Finale"]
[Site "Porto San Giorgio ITA"]
[Date "1998.07.??"]
[Round "1"]
[White "Rossi, Damiano"]
[Black "Tomba, Ivan"]
[Result "1/2-1/2"]
[WhiteElo "1516"]
[BlackElo "2035"]
[PlyCount "73"]
[EventDate "1998.07.07"]

1. e4 c5 2. Nf3 d6 3. d4 cxd4 4. Nxd4 Nf6 5. Nc3 a6 6. Bc4 e6 7. Bg5 Be7 8. Qe2
O-O 9. O-O-O Nxe4 10. Bxe7 Nxc3 11. Bxd8 Nxe2+ 12. Nxe2 Rxd8 13. Rd2 b5 14. Bb3
Bb7 15. f3 Nc6 16. Rhd1 d5 17. Nf4 Na5 18. Kb1 Rac8 19. c3 Nxb3 20. axb3 Rc7
21. b4 Ra8 22. Nd3 a5 23. bxa5 Rxa5 24. Nb4 Bc6 25. Re1 Be8 26. Nxd5 Rd7 27.
Rdd1 f6 28. Nb4 Bg6+ 29. Nc2 Rda7 30. Kc1 Kf7 31. Na3 Rc7 32. Rd4 Rb7 33. Red1
Ke7 34. g4 Be8 35. f4 Bc6 36. h3 Raa7 37. Rd8 1/2-1/2

[Event "C.to Italiano U14 Finale"]
[Site "Porto San Giorgio ITA"]
[Date "1998.07.??"]
[Round "2"]
[White "Rossi, Damiano"]
[Black "Drabke, Lorenz Maximilian"]
[Result "0-1"]
[WhiteElo "1516"]
[BlackElo "1906"]
[PlyCount "45"]
[EventDate "1998.07.07"]

1. e4 c5 2. Nf3 d6 3. d4 cxd4 4. Nxd4 Nf6 5. Nc3 a6 6. Be2 e6 7. Bg5 Be7 8. Qd2
Qc7 9. f4 h6 10. Bxf6 Bxf6 11. O-O-O Bd7 12. f5 Bg5 13. Qxg5 hxg5 14. fxe6 fxe6
15. Bg4 Rh6 16. Rdf1 Nc6 17. Nxc6 Qxc6 18. Rf2 O-O-O 19. Rhf1 Qc5 20. Rf7 Qe5
21. Re7 Rf6 22. Rxf6 Qxf6 23. Rxd7 0-1

[Event "C.to Italiano U14 Finale"]
[Site "Porto San Giorgio ITA"]
[Date "1998.07.??"]
[Round "2"]
[White "Tomba, Ivan"]
[Black "Buchicchio, Giampaolo"]
[Result "1/2-1/2"]
[WhiteElo "2035"]
[BlackElo "1618"]
[PlyCount "88"]
[EventDate "1998.07.07"]

1. e4 b6 2. d4 Bb7 3. Nc3 e6 4. Nf3 Nf6 5. Bd3 d5 6. e5 Ne4 7. O-O c5 8. Re1
Nxc3 9. bxc3 c4 10. Bf1 Be7 11. g3 Nd7 12. h4 h6 13. Nh2 Qc7 14. Qg4 g6 15. h5
Nf8 16. Qf3 gxh5 17. Qxh5 Ng6 18. Bh3 Bc8 19. Ng4 Bd7 20. Ne3 Qc6 21. f4 O-O-O
22. f5 exf5 23. Nxf5 Be6 24. Nxe7+ Nxe7 25. Ba3 Ng6 26. Bd6 Qd7 27. Bxe6 Qxe6
28. Rf1 Qd7 29. Qf3 Qh3 30. Qf5+ Qxf5 31. Rxf5 Rh7 32. Raf1 Nh8 33. Rf6 Re8 34.
Kg2 Re6 35. Rxe6 fxe6 36. Rf8+ Kd7 37. Ra8 Kc6 38. Rc8+ Kb5 39. Re8 Ng6 40.
Rxe6 Rg7 41. Rf6 h5 42. Kf3 a5 43. e6 Kc6 44. e7 Kd7 1/2-1/2

[Event "C.to Italiano U14 Finale"]
[Site "Porto San Giorgio ITA"]
[Date "1998.07.??"]
[Round "3"]
[White "Buchicchio, Giampaolo"]
[Black "Rossi, Damiano"]
[Result "1-0"]
[WhiteElo "1618"]
[BlackElo "1516"]
[PlyCount "93"]
[EventDate "1998.07.07"]

1. e4 e5 2. Nf3 Nc6 3. d4 exd4 4. Bc4 Bb4+ 5. c3 dxc3 6. Nxc3 h6 7. O-O Nge7 8.
Bf4 d6 9. Nd5 Be6 10. Qb3 Bc5 11. Nxe7 Bxc4 12. Nxc6 Bxb3 13. Nxd8 Bc4 14. Nxb7
Bb6 15. Rfc1 Ba6 16. Nxd6+ cxd6 17. Bxd6 Be2 18. Rc3 Rd8 19. Bc7 Bxc7 20. Rxc7
a6 21. Ne5 O-O 22. Rac1 Rd2 23. R7c2 Rfd8 24. f3 Rd1+ 25. Rxd1 Rxd1+ 26. Kf2
Bb5 27. b3 Rf1+ 28. Kg3 f6 29. Nc4 g5 30. Nd6 Bd7 31. Rc7 Be6 32. Re7 Bxb3 33.
axb3 Rb1 34. Rb7 a5 35. Rb5 Kf8 36. Nc4 a4 37. bxa4 Rxb5 38. axb5 Ke7 39. b6
Kd7 40. Kg4 Kc6 41. Kf5 Kb7 42. Kxf6 Kc6 43. e5 Kd7 44. e6+ Kc8 45. Nd6+ Kd8
46. e7+ Kd7 47. e8=Q+ 1-0

[Event "C.to Italiano U14 Finale"]
[Site "Porto San Giorgio ITA"]
[Date "1998.07.??"]
[Round "3"]
[White "Drabke, Lorenz Maximilian"]
[Black "Tomba, Ivan"]
[Result "0-1"]
[WhiteElo "1906"]
[BlackElo "2035"]
[PlyCount "74"]
[EventDate "1998.07.07"]

1. e4 c5 2. Nf3 d6 3. Bb5+ Bd7 4. Bxd7+ Qxd7 5. O-O Nc6 6. c4 Nf6 7. Nc3 e6 8.
d4 cxd4 9. Nxd4 Be7 10. Be3 O-O 11. Qe2 Rac8 12. f3 Rcd8 13. Rfd1 Qc7 14. b3 a6
15. Rac1 Qb8 16. Kh1 Ne5 17. Qf2 d5 18. exd5 exd5 19. cxd5 Nxd5 20. Nxd5 Rxd5
21. Nf5 Rxd1+ 22. Rxd1 Bf6 23. Bc5 Qc7 24. Bd6 Qc3 25. Bxe5 Qxe5 26. Ne3 Bg5
27. Nc4 Qc7 28. g3 b5 29. Ne3 g6 30. f4 Be7 31. Qg2 Bc5 32. Nd5 Qd6 33. Qf3 Qe6
34. Qd3 Re8 35. Nc3 Bb6 36. Qf3 Rc8 37. Qe3 Rxc3 0-1

[Event "C.to Italiano U16 femminile Finale"]
[Site "Porto San Giorgio ITA"]
[Date "1998.07.07"]
[Round "1"]
[White "De Maio, Amelia"]
[Black "Arnetta, Marianna"]
[Result "1-0"]
[WhiteElo "1600"]
[BlackElo "1660"]
[PlyCount "43"]
[EventDate "1998.07.07"]

1. e4 e6 2. d4 d5 3. e5 c5 4. c3 Nc6 5. Nf3 Qb6 6. Qb3 Qxb3 7. axb3 Bd7 8. Be2
cxd4 9. cxd4 Bb4+ 10. Bd2 Bxd2+ 11. Nfxd2 Nge7 12. Nc3 a6 13. Nb5 Kf8 14. Nd6
Nd8 15. Rc1 Bc6 16. b4 Nc8 17. b5 Nxd6 18. exd6 Be8 19. Rc7 f6 20. d7 Bxd7 21.
Rxd7 a5 22. Rf1 1-0

[Event "C.to Italiano U16 femminile Finale"]
[Site "Porto San Giorgio ITA"]
[Date "1998.07.08"]
[Round "2"]
[White "Arnetta, Marianna"]
[Black "De Maio, Amelia"]
[Result "1-0"]
[WhiteElo "1660"]
[BlackElo "1600"]
[PlyCount "109"]
[EventDate "1998.07.07"]

1. e4 g6 2. d4 Bg7 3. Nc3 d6 4. Be3 c6 5. Qd2 Qa5 6. Nge2 Nf6 7. f3 Nbd7 8. Ng3
b5 9. Bd3 a6 10. a4 Bb7 11. O-O b4 12. Na2 c5 13. c3 bxc3 14. Nxc3 cxd4 15.
Bxd4 O-O 16. Be3 Rfc8 17. Bh6 Bxh6 18. Qxh6 Qb6+ 19. Kh1 Qxb2 20. Nce2 Qe5 21.
Qd2 Nc5 22. Bc2 d5 23. f4 Ncxe4 24. Qb4 Nxg3+ 25. Nxg3 Qc7 26. Rac1 Qd7 27. f5
Rc4 28. Qd2 Qd6 29. fxg6 fxg6 30. Rce1 Ne4 31. Nxe4 dxe4 32. Qxd6 exd6 33. Bb3
d5 34. Bxc4 dxc4 35. Rc1 Rc8 36. Rc3 a5 37. Rb1 Bd5 38. Rb5 Rf8 39. Kg1 Rf5 40.
Rxa5 h5 41. Ra7 Re5 42. Kf2 g5 43. a5 g4 44. a6 h4 45. Rc7 g3+ 46. hxg3 hxg3+
47. Rxg3+ Kf8 48. Rc8+ Ke7 49. a7 Rf5+ 50. Ke3 Rf8 51. Rxf8 Kxf8 52. Rg5 Bc6
53. Rc5 Bb7 54. Rc8+ Ke7 55. Rc7+ 1-0

[Event "C.to Italiano U16 Finale"]
[Site "Porto San Giorgio ITA"]
[Date "1998.07.??"]
[Round "1"]
[White "Ganci, Fabrizio"]
[Black "De Bortoli, Peter"]
[Result "1/2-1/2"]
[WhiteElo "1582"]
[BlackElo "2215"]
[PlyCount "81"]
[EventDate "1998.07.07"]

1. d4 Nc6 2. Nf3 d6 3. e4 g6 4. Bf4 Bg7 5. c3 Nf6 6. Nbd2 O-O 7. Bc4 h6 8. O-O
Kh7 9. Re1 e5 10. dxe5 Nh5 11. Be3 Nxe5 12. Be2 Nf6 13. Nxe5 dxe5 14. Qc2 Be6
15. Rad1 Qe7 16. h3 Rfd8 17. Nb3 b6 18. c4 c5 19. a4 Qb7 20. Bd3 Ng8 21. Nc1
Ne7 22. Ne2 Nc6 23. Bd2 Rd7 24. Bc3 Rad8 25. b3 Nd4 26. Bxd4 cxd4 27. f4 Rc7
28. f5 Bc8 29. Ng3 g5 30. Nh5 a6 31. Qe2 f6 32. Ra1 Bd7 33. b4 Be8 34. Nxg7
Kxg7 35. Reb1 Bf7 36. a5 bxa5 37. Rxa5 Rc6 38. Ra4 Be8 39. Ra5 Rb6 40. b5 axb5
41. cxb5 1/2-1/2

[Event "C.to Italiano U16 Finale"]
[Site "Porto San Giorgio ITA"]
[Date "1998.07.??"]
[Round "1"]
[White "Mazzilli, Piero"]
[Black "Luperini, Alessio"]
[Result "1/2-1/2"]
[WhiteElo "2115"]
[BlackElo "1819"]
[PlyCount "44"]
[EventDate "1998.07.07"]

1. e4 e6 2. Nf3 d5 3. Nc3 Nf6 4. exd5 exd5 5. d4 Bd6 6. Bg5 c6 7. Bd3 h6 8. Bh4
O-O 9. O-O Be6 10. Re1 Nbd7 11. Ne5 Qb6 12. Rb1 Rae8 13. Bg3 Bb8 14. Nxd7 Bxd7
15. Rxe8 Rxe8 16. Bxb8 Rxb8 17. Na4 Qc7 18. Nc5 Re8 19. Qd2 Bc8 20. Re1 Rxe1+
21. Qxe1 Kf8 22. f3 Qf4 1/2-1/2

[Event "C.to Italiano U16 Finale"]
[Site "Porto San Giorgio ITA"]
[Date "1998.07.??"]
[Round "2"]
[White "Luperini, Alessio"]
[Black "De Bortoli, Peter"]
[Result "1/2-1/2"]
[WhiteElo "1819"]
[BlackElo "2215"]
[PlyCount "117"]
[EventDate "1998.07.07"]

1. d4 Nf6 2. Nf3 d6 3. Bf4 Nbd7 4. e3 Nh5 5. Bg3 Nxg3 6. hxg3 e5 7. Nbd2 Be7 8.
Bd3 h6 9. c3 c6 10. Qc2 Qc7 11. Nh4 d5 12. dxe5 Nxe5 13. Bf5 Bxh4 14. Rxh4 Bxf5
15. Qxf5 Ng6 16. Rh1 O-O 17. O-O-O b5 18. g4 a5 19. g5 Qe5 20. g4 Qxf5 21. gxf5
Ne5 22. Rdg1 hxg5 23. Rxg5 f6 24. Rg2 c5 25. Nb3 Rfc8 26. f4 Nc4 27. Rh3 a4 28.
Na1 b4 29. Rgh2 bxc3 30. bxc3 Rab8 31. Rh8+ Kf7 32. Rxc8 Rxc8 33. Re2 Re8 34.
Nc2 Nd6 35. Rd2 Nxf5 36. Rxd5 Nxe3 37. Nxe3 Rxe3 38. Rxc5 Re4 39. f5 Re5 40.
Rc7+ Kf8 41. Rc4 a3 42. Ra4 Rxf5 43. Rxa3 g5 44. c4 Rc5 45. Rc3 f5 46. Kd2 Ke7
47. Kd3 Re5 48. Kd4 Re4+ 49. Kd5 Re2 50. a4 f4 51. c5 g4 52. Rc4 Rf2 53. c6 Kd8
54. c7+ Kc8 55. Kd6 g3 56. Rb4 Rd2+ 57. Kc6 Rc2+ 58. Kd6 Rxc7 59. Rxf4 1/2-1/2

[Event "C.to Italiano U16 Finale"]
[Site "Porto San Giorgio ITA"]
[Date "1998.07.??"]
[Round "2"]
[White "Mazzilli, Piero"]
[Black "Ganci, Fabrizio"]
[Result "1-0"]
[WhiteElo "2115"]
[BlackElo "1582"]
[PlyCount "63"]
[EventDate "1998.07.07"]

1. e4 e6 2. d4 d5 3. e5 c5 4. c3 Nc6 5. Nf3 Bd7 6. a3 Rc8 7. b4 cxd4 8. cxd4
Nge7 9. Bd3 Ng6 10. h4 f5 11. exf6 Qxf6 12. Bg5 Qf7 13. Qd2 Bd6 14. O-O Bf4 15.
Bxg6 Qxg6 16. Bxf4 O-O 17. Bg3 Ne7 18. Ne5 Qe8 19. Nxd7 Qxd7 20. Nc3 Nf5 21.
Rac1 Qf7 22. Ne2 Rce8 23. Rc7 Re7 24. Rxe7 Qxe7 25. Qg5 Qd7 26. Be5 Rf7 27. Rc1
Qb5 28. Rc8+ Rf8 29. Rxf8+ Kxf8 30. Ng3 Qd7 31. Nxf5 exf5 32. h5 1-0

[Event "C.to Italiano U16 Finale"]
[Site "Porto San Giorgio ITA"]
[Date "1998.07.??"]
[Round "3"]
[White "De Bortoli, Peter"]
[Black "Mazzilli, Piero"]
[Result "1-0"]
[WhiteElo "2215"]
[BlackElo "2115"]
[PlyCount "59"]
[EventDate "1998.07.07"]

1. e4 c5 2. Nf3 d6 3. d4 cxd4 4. Nxd4 Nf6 5. Nc3 a6 6. Bc4 e6 7. O-O Nbd7 8.
Bb3 Nc5 9. f4 Ncxe4 10. Nxe4 Nxe4 11. f5 e5 12. Qh5 d5 13. Re1 Bc5 14. Rxe4
Bxd4+ 15. Kh1 Qd7 16. Re1 O-O 17. c3 Bc5 18. Rxe5 Re8 19. Rxe8+ Qxe8 20. Bd2
Qd7 21. Re1 b6 22. f6 Bb7 23. fxg7 Re8 24. Rxe8+ Qxe8 25. Bc2 Kxg7 26. Qh6+ Kg8
27. Bxh7+ Kh8 28. Bf5+ Kg8 29. Qh7+ Kf8 30. Qh8+ 1-0

[Event "II Festival Lunigiana A"]
[Site "Pontremoli ITA"]
[Date "1998.07.05"]
[Round "1"]
[White "Godani, Tiziano"]
[Black "Duarte, Riccardo"]
[Result "1-0"]
[WhiteElo "2075"]
[BlackElo "1717"]
[PlyCount "85"]
[EventDate "1998.07.05"]

1. e4 e5 2. Nf3 Nc6 3. d4 exd4 4. Nxd4 Bc5 5. Be3 Qf6 6. Nb5 Bxe3 7. fxe3 Qh4+
8. g3 Qxe4 9. Nxc7+ Kd8 10. Nxa8 Qxh1 11. Qg4 g6 12. Nd2 Qxh2 13. O-O-O Qh5 14.
Qf4 Qe5 15. Qxf7 Nge7 16. Nc4 Qb8 17. Nd6 Qxa8 18. Qf6 Rg8 19. Bc4 Kc7 20. Bxg8
Nxg8 21. Ne8+ Kb6 22. Qf7 d5 23. Nc7 Qb8 24. Nxd5+ Ka6 25. Qxg8 Bg4 26. Qxb8
Nxb8 27. Rd4 Bf3 28. e4 b6 29. Nb4+ Kb7 30. Kd2 a5 31. Nd3 Kc7 32. Ne5 Bg2 33.
Ke3 Bh3 34. g4 h5 35. Kf3 hxg4+ 36. Kg3 Na6 37. Nxg6 Nb4 38. a3 Nc6 39. Rd1 b5
40. Nf4 Ne5 41. Rd5 Nc4 42. Rc5+ Kb6 43. Rxc4 1-0

[Event "II Festival Lunigiana A"]
[Site "Pontremoli ITA"]
[Date "1998.07.05"]
[Round "1"]
[White "Lasio, Millo"]
[Black "Rivara, Massimo"]
[Result "1-0"]
[WhiteElo "1824"]
[BlackElo "1705"]
[PlyCount "53"]
[EventDate "1998.07.05"]

1. d4 Nf6 2. e3 e6 3. Nd2 d5 4. Bd3 c5 5. c3 Nc6 6. f4 b6 7. Ngf3 Bb7 8. O-O
Be7 9. Ne5 O-O 10. Qf3 g6 11. g4 Rc8 12. Rf2 Qc7 13. h4 Ne4 14. Nxe4 dxe4 15.
Bxe4 Nxe5 16. fxe5 Bxe4 17. Qxe4 Bxh4 18. Rh2 Qd8 19. Qf3 f5 20. Bd2 Rf7 21.
Rf1 Bg5 22. Qg3 Be7 23. gxf5 exf5 24. e6 f4 25. Rxf4 Rxf4 26. Qxf4 g5 27. Qf5
1-0

[Event "II Festival Lunigiana A"]
[Site "Pontremoli ITA"]
[Date "1998.07.05"]
[Round "1"]
[White "Malakhov, Vladimir"]
[Black "Venturelli, Roberto"]
[Result "1-0"]
[WhiteElo "2550"]
[BlackElo "1830"]
[PlyCount "93"]
[EventDate "1998.07.05"]

1. e4 c5 2. Nf3 d6 3. d4 cxd4 4. Nxd4 Nf6 5. f3 e6 6. c4 Be7 7. Nc3 O-O 8. Be2
a6 9. Be3 b6 10. O-O Bb7 11. Qd2 Nbd7 12. Rfd1 Qc7 13. Rac1 Rac8 14. Bf1 Qb8
15. Qf2 Rfd8 16. Kh1 Bf8 17. b4 d5 18. exd5 exd5 19. Nxd5 Nxd5 20. cxd5 Bxd5
21. Rxc8 Qxc8 22. Qh4 Ne5 23. Bxa6 Ng6 24. Bxc8 Nxh4 25. Bg4 Ra8 26. Nb3 Bxb3
27. axb3 Bxb4 28. Bxb6 Kf8 29. Rd8+ Rxd8 30. Bxd8 Ng6 31. Bd7 Ne5 32. Bb5 f6
33. f4 Nf7 34. Bb6 Nd6 35. Bd3 g6 36. g3 Ke7 37. Kg2 Ke6 38. Bd4 Nf5 39. Bb2 h5
40. Kf3 g5 41. Bc4+ Ke7 42. fxg5 fxg5 43. Ke4 Nd6+ 44. Kd5 Nf5 45. Ke5 Ne3 46.
Be2 h4 47. Bc1 1-0

[Event "II Festival Lunigiana A"]
[Site "Pontremoli ITA"]
[Date "1998.07.05"]
[Round "1"]
[White "Mazzini, Mauro"]
[Black "Fragni, Enrico"]
[Result "1/2-1/2"]
[WhiteElo "1792"]
[BlackElo "1822"]
[PlyCount "38"]
[EventDate "1998.07.05"]

1. e4 c5 2. Nf3 d6 3. d4 cxd4 4. Nxd4 Nf6 5. Nc3 a6 6. Be2 e6 7. Be3 Bd7 8. g4
h6 9. Qd2 Nc6 10. h3 Be7 11. f4 Nh7 12. O-O-O Qc7 13. f5 Ne5 14. Nf3 Nc4 15.
Bxc4 Qxc4 16. Bf4 O-O-O 17. Rhe1 Bc6 18. Nd4 Bd7 19. Nf3 Bc6 1/2-1/2

[Event "II Festival Lunigiana A"]
[Site "Pontremoli ITA"]
[Date "1998.07.05"]
[Round "1"]
[White "Naumkin, Igor"]
[Black "Agrifoglio, Fabio"]
[Result "1-0"]
[WhiteElo "2475"]
[BlackElo "1869"]
[PlyCount "85"]
[EventDate "1998.07.05"]

1. d4 Nf6 2. Nf3 g6 3. c4 Bg7 4. Nc3 d6 5. e4 O-O 6. Be2 e5 7. d5 a5 8. Bg5 h6
9. Bh4 Na6 10. O-O Qe8 11. Nd2 Bd7 12. b3 Nc5 13. a3 Ncxe4 14. Ndxe4 Nxe4 15.
Nxe4 f5 16. Nd2 g5 17. Bg3 f4 18. Ne4 Bf5 19. Bd3 fxg3 20. hxg3 Qg6 21. Qe2 g4
22. Rac1 b6 23. Rc2 Kh8 24. Re1 Bf6 25. b4 axb4 26. axb4 Ra3 27. c5 bxc5 28.
bxc5 Rfa8 29. cxd6 cxd6 30. Rc6 Be7 31. Bb1 Ra1 32. Rec1 Rb8 33. Bd3 Rxc1+ 34.
Rxc1 Rb4 35. Re1 Bd8 36. Qc2 Rd4 37. Qb1 Rxd5 38. Qb8 Rxd3 39. Qxd8+ Kg7 40.
Rc1 Qe6 41. Rc7+ Kg6 42. Nc3 Kh5 43. Rg7 1-0

[Event "II Festival Lunigiana A"]
[Site "Pontremoli ITA"]
[Date "1998.07.05"]
[Round "1"]
[White "Piscopo, Pierluigi"]
[Black "Pastorini, Mario"]
[Result "1/2-1/2"]
[WhiteElo "1930"]
[BlackElo "2160"]
[PlyCount "139"]
[EventDate "1998.07.05"]

1. e4 c5 2. Nf3 e6 3. d4 cxd4 4. Nxd4 Nf6 5. Nc3 d6 6. Bc4 Nc6 7. Be3 Be7 8.
Qe2 a6 9. O-O-O Qc7 10. Bb3 O-O 11. Rhg1 b5 12. g4 b4 13. g5 bxc3 14. gxf6
cxb2+ 15. Kb1 Bxf6 16. Nxc6 Qxc6 17. Bh6 g6 18. Bxf8 Kxf8 19. f4 Qc5 20. Rg3
Bb7 21. Rgd3 Be7 22. f5 Qe5 23. fxe6 fxe6 24. Qf2+ Kg8 25. Qb6 Bxe4 26. Re3 Rf8
27. Rde1 d5 28. Rxe4 dxe4 29. Qxe6+ Qxe6 30. Bxe6+ Kg7 31. Rxe4 Bd6 32. Kxb2
Bxh2 33. Ra4 Ra8 34. Bd5 Ra7 35. c4 Bg1 36. Ra3 Kf6 37. Kc3 a5 38. Kb3 Bc5 39.
Ra4 Ke5 40. Kc3 Kf4 41. Kd3 Kg3 42. Ke4 Re7+ 43. Kd3 Re3+ 44. Kc2 Bb4 45. Kb2
h5 46. a3 Bc3+ 47. Kc2 h4 48. c5 h3 49. c6 Be5 50. Rxa5 Bc7 51. Ra7 Re7 52. Rb7
g5 53. a4 g4 54. a5 Kh2 55. a6 g3 56. a7 g2 57. Bxg2 hxg2 58. a8=Q g1=Q 59.
Qh8+ Kg2 60. Qg8+ Kh1 61. Qxg1+ Kxg1 62. Kd3 Kf2 63. Kd4 Kf3 64. Kd5 Re5+ 65.
Kc4 Bd6 66. Rb5 Re4+ 67. Kd5 Bf4 68. Rb3+ Re3 69. Rxe3+ Kxe3 70. Ke6 1/2-1/2

[Event "II Festival Lunigiana A"]
[Site "Pontremoli ITA"]
[Date "1998.07.06"]
[Round "2"]
[White "Agrifoglio, Fabio"]
[Black "Venturelli, Roberto"]
[Result "1/2-1/2"]
[WhiteElo "1869"]
[BlackElo "1830"]
[PlyCount "80"]
[EventDate "1998.07.05"]

1. d4 Nf6 2. c4 g6 3. Nc3 Bg7 4. e4 d6 5. Nf3 O-O 6. Be2 Nc6 7. d5 Nb8 8. O-O
e5 9. Bg5 h6 10. Bh4 a5 11. Nd2 Bd7 12. b3 Na6 13. a3 Qe8 14. b4 axb4 15. axb4
Nxb4 16. Qb3 c5 17. dxc6 Nxc6 18. Qxb7 Rb8 19. Qc7 g5 20. Bg3 Qe6 21. Rfb1 Ne8
22. Qxb8 Nxb8 23. Rxb8 Nf6 24. Rb6 Rc8 25. Raa6 Ne8 26. Nd5 Bf8 27. Rb7 Bc6 28.
Rba7 Bxd5 29. exd5 Qg6 30. Ra2 f5 31. f3 Bg7 32. Bf2 e4 33. fxe4 fxe4 34. Bg4
Rb8 35. Be6+ Kh8 36. Rf7 e3 37. Bxe3 Qd3 38. Kf2 Bd4 39. Rf8+ Kg7 40. Rf7+ Kh8
1/2-1/2

[Event "II Festival Lunigiana A"]
[Site "Pontremoli ITA"]
[Date "1998.07.06"]
[Round "2"]
[White "Ferrarini, Stefano"]
[Black "Lasio, Millo"]
[Result "0-1"]
[WhiteElo "1669"]
[BlackElo "1824"]
[PlyCount "62"]
[EventDate "1998.07.05"]

1. c4 c5 2. Nf3 Nc6 3. g3 Nf6 4. Bg2 e6 5. Nc3 d5 6. cxd5 exd5 7. d4 c4 8. O-O
Bb4 9. Bg5 Bxc3 10. bxc3 h6 11. Bxf6 Qxf6 12. Nd2 Qd6 13. e4 Be6 14. f4 f6 15.
e5 fxe5 16. fxe5 Qe7 17. Rb1 O-O-O 18. Qa4 Qc7 19. Rb5 b6 20. Nxc4 dxc4 21. d5
Bxd5 22. Rxd5 Rxd5 23. Bxd5 Nxe5 24. Rf4 Rd8 25. Bxc4 Qc5+ 26. Kg2 Kb8 27. Qb3
Rd2+ 28. Kh3 Qg1 29. Rf8+ Kc7 30. Rc8+ Kxc8 31. Ba6+ Kc7 0-1

[Event "II Festival Lunigiana A"]
[Site "Pontremoli ITA"]
[Date "1998.07.06"]
[Round "2"]
[White "Fragni, Enrico"]
[Black "Pieri, Enzo"]
[Result "1-0"]
[WhiteElo "1822"]
[BlackElo "1714"]
[PlyCount "84"]
[EventDate "1998.07.05"]

1. d4 d5 2. f3 e6 3. Be3 Nf6 4. Bf2 Nbd7 5. e3 c5 6. c3 Bd6 7. Ne2 O-O 8. Ng3
Re8 9. Be2 Nf8 10. Nd2 Ng6 11. h4 Qc7 12. Ndf1 Ne7 13. Qd3 c4 14. Qc2 Nf5 15.
Nxf5 exf5 16. h5 Bd7 17. O-O-O b5 18. g4 fxg4 19. Bh4 gxf3 20. Bxf3 Ne4 21. Rg1
h6 22. Qg2 Bf8 23. Nd2 Bf5 24. Nxe4 Bxe4 25. Bf6 Bxf3 26. Qxf3 Qh2 27. Be5 Rxe5
28. dxe5 Qxe5 29. Rxd5 Qe8 30. Rxb5 Rd8 31. Rb7 Bc5 32. Re1 Rd3 33. Kb1 Rxe3
34. Rxe3 Bxe3 35. a3 g5 36. hxg6 fxg6 37. Qd5+ Kh8 38. Qxc4 g5 39. Rc7 Qg6+ 40.
Ka2 g4 41. Qd5 g3 42. Qa8+ Qg8+ 1-0

[Event "II Festival Lunigiana A"]
[Site "Pontremoli ITA"]
[Date "1998.07.06"]
[Round "2"]
[White "Jurkovic, Ante"]
[Black "Piscopo, Pierluigi"]
[Result "1-0"]
[WhiteElo "2315"]
[BlackElo "1930"]
[PlyCount "59"]
[EventDate "1998.07.05"]

1. e4 c5 2. Nf3 Nc6 3. d4 cxd4 4. Nxd4 Nf6 5. Nc3 e5 6. Ndb5 d6 7. Bg5 a6 8.
Na3 b5 9. Bxf6 gxf6 10. Nd5 f5 11. c3 Bg7 12. exf5 Bxf5 13. Nc2 O-O 14. Nce3
Be6 15. g3 f5 16. Bh3 Ra7 17. O-O Raf7 18. a4 Ne7 19. axb5 axb5 20. Ra6 Nxd5
21. Nxd5 Qd7 22. Rxd6 Qxd6 23. Nf6+ Rxf6 24. Qxd6 Bc4 25. Qc5 Bxf1 26. Bxf1 b4
27. Qxb4 f4 28. Bd3 Ra8 29. Bxh7+ Kh8 30. Be4 1-0

[Event "II Festival Lunigiana A"]
[Site "Pontremoli ITA"]
[Date "1998.07.06"]
[Round "2"]
[White "Malakhov, Vladimir"]
[Black "Godani, Tiziano"]
[Result "1-0"]
[WhiteElo "2550"]
[BlackElo "2075"]
[PlyCount "67"]
[EventDate "1998.07.05"]

1. e4 c5 2. Nf3 Nc6 3. Bb5 e6 4. O-O Nge7 5. c3 Ng6 6. d4 cxd4 7. cxd4 d5 8.
exd5 exd5 9. Nc3 Be6 10. Ng5 Bd6 11. Re1 Kd7 12. Nxe6 fxe6 13. Qg4 Qe8 14. Nxd5
h5 15. Qg5 Qf7 16. Nc3 Raf8 17. Be3 h4 18. h3 Nf4 19. Qg4 Kc7 20. Bxf4 Bxf4 21.
Rxe6 Kb8 22. Bxc6 bxc6 23. Rxc6 Bc7 24. Ne4 Rh6 25. Rxh6 gxh6 26. Qxh4 Qg7 27.
Nc5 Rf4 28. Qh5 Qxd4 29. Qe8+ Bd8 30. Ne6 Qxf2+ 31. Kh1 Rd4 32. Nxd8 Qxb2 33.
Rf1 Rf4 34. Ne6+ 1-0

[Event "II Festival Lunigiana A"]
[Site "Pontremoli ITA"]
[Date "1998.07.06"]
[Round "2"]
[White "Mrdja, Milan"]
[Black "Naumkin, Igor"]
[Result "1/2-1/2"]
[WhiteElo "2430"]
[BlackElo "2475"]
[PlyCount "20"]
[EventDate "1998.07.05"]

1. e4 e6 2. d4 d5 3. exd5 exd5 4. Bd3 Bd6 5. c3 Ne7 6. Ne2 O-O 7. O-O c6 8. Bf4
Bf5 9. Bxd6 Qxd6 10. Bxf5 Nxf5 1/2-1/2

[Event "II Festival Lunigiana A"]
[Site "Pontremoli ITA"]
[Date "1998.07.06"]
[Round "2"]
[White "Pastorini, Mario"]
[Black "Mazzini, Mauro"]
[Result "1-0"]
[WhiteElo "2160"]
[BlackElo "1792"]
[PlyCount "35"]
[EventDate "1998.07.05"]

1. c4 e5 2. Nc3 Nc6 3. Nf3 f5 4. d4 e4 5. Bg5 Be7 6. Bxe7 Ngxe7 7. Nd2 d5 8. e3
Be6 9. Qb3 Na5 10. Qa4+ c6 11. cxd5 Nxd5 12. Nxd5 Bxd5 13. b4 Nc4 14. Bxc4 Bxc4
15. Nxc4 b5 16. Qa6 O-O 17. Ne5 f4 18. Qxc6 1-0